Field Trials of Health Interventions, 3rd edition (Record no. 26340)
[ view plain ]
| 000 -LEADER | |
|---|---|
| fixed length control field | 00737nam a2200121Ia 4500 |
| 008 - FIXED-LENGTH DATA ELEMENTS--GENERAL INFORMATION | |
| fixed length control field | 220620s9999||||xx |||||||||||||| ||und|| |
| 245 #0 - TITLE STATEMENT | |
| Title | Field Trials of Health Interventions, 3rd edition |
| 546 ## - LANGUAGE NOTE | |
| Language note | English[eng] |
| 650 ## - SUBJECT ADDED ENTRY--TOPICAL TERM | |
| Topical term or geographic name entry element | procedures||methods||field trials||disease control||interventions||health||Clinical trial||Creative Commons license||Public health||Vaccine |
| 700 ## - ADDED ENTRY--PERSONAL NAME | |
| Personal name | Smith, Peter G.||Morrow, Richard H.||Ross, David A. |
| 856 ## - ELECTRONIC LOCATION AND ACCESS | |
| Uniform Resource Identifier | <a href="https://library.oapen.org/bitstream/20.500.12657/33127/1/569923.pdf||https://library.oapen.org/bitstream/20.500.12657/33127/1/569923.pdf||https://library.oapen.org/bitstream/20.500.12657/33127/1/569923.pdf||https://library.oapen.org/bitstream/20.500.12657/33127/1/569923.pdf">https://library.oapen.org/bitstream/20.500.12657/33127/1/569923.pdf||https://library.oapen.org/bitstream/20.500.12657/33127/1/569923.pdf||https://library.oapen.org/bitstream/20.500.12657/33127/1/569923.pdf||https://library.oapen.org/bitstream/20.500.12657/33127/1/569923.pdf</a> |
| 942 ## - ADDED ENTRY ELEMENTS (KOHA) | |
| Koha item type | E-Books |
| Withdrawn status | Lost status | Damaged status | Not for loan | Home library | Current library | Date acquired | Total Checkouts | Date last seen | Price effective from | Koha item type |
|---|---|---|---|---|---|---|---|---|---|---|
| Kerala University of Digital Sciences, Innovation and Technology Knowledge Centre | Kerala University of Digital Sciences, Innovation and Technology Knowledge Centre | 20/06/2022 | 20/06/2022 | 20/06/2022 | E-Books |